000 00465nam a2200181Ia 4500
003 GCL
008 140319s9999 xx 000 0 eng d
040 _aGCL /
_cGCL
082 0 4 _a005.6
_bM W
100 1 _aMORGAN, MICHAEL D.
245 1 0 _aWEB MASTER: EXPERT SOLUTIONS /
_cMORGAN, MICHAEL D.
700 1 _aWANDLING, JEFF
260 _a[S.N] :
_bQUE ،
_c1996
300 _a1179 P
650 0 4 _aشعر الحرب
650 0 4 _aWORLD WIDE WEB
942 _2ddc
_cBK
999 _c13587
_d13587